000 01041nam a2200217 i 4500
001 163335
003 ES-MaACL
005 20250821063102.0
008 990416s1878 sp af |||| | spa d
040 _aCCPB | B
_bspa
_cCCPB | B
100 1 _aRepullés y Vargas, Enrique María,
_d1845-1922
_996277
245 1 0 _aDisposición, construcción y mueblaje de las escuelas públicas de instrucción primaria /
_cpor Enrique María Repullés y Vargas.
250 _a2ª ed.
260 _aMadrid :
_b[s.n.],
_c1878 (
_fImprenta de Fortanet)
300 _aVI, 116 p., XII, [1] h. de lám. ;
_c26 cm.
530 _aDisponible en formato digital.
650 4 _aEdificios para la enseñanza-
_xDiseño y construcción.
_9167154
852 _aES-MaACL
_jT-521-F-8
_z-- Enc. hol., conservando la enc. original
_z-- Ded. del autor al Presidente de la Sección de ciencias del Ateneo de Madrid: para la biblioteca
856 _uhttp://bdh-rd.bne.es/viewer.vm?id=0000246143&page=1
_zBiblioteca Digital Hispánica
999 _c163335
_d163335